000 01599nam a2200205 a 4500
001 ASIN0745317081
005 20170105102923.0
008 131209s2000 xxu eng d
020 _a0745317081 (paperback)
_c$100.00
020 _a9780745317083 (paperback)
040 _a0
100 1 _aChomsky, Noam.
245 1 0 _aRogue states :
_bthe rule of force in world affairs /
_cNoam Chomsky.
250 _a1st ed.
260 _a[S.l.] :
_bPluto Press,
_c2000.
300 _a264 p. ;
_c22 cm.
520 _aNoam Chomsky argues that, contrary to popular perception, the real 'rogue' states in the world today are not the dictator-led developing countries we hear about in the news, but the United States and its allies. He challenges the legal and humanitarian reasons given to justify intervention in global conflicts in order to reveal the West's reliance on the rule of force. He examines NATO's intervention in Kosovo, the crisis in East Timor, and US involvement in the Middle East, Southeast Asia and Latin America. Chomsky relies on both historical context and recently released government documents to trace the paths of self-interest and domination that fuelled these violent regional conflicts. Throughout, he reveals the United States's increasingly open dismissal of the United Nations and international legal precedent in justifying its motives and actions. Characteristically incisive and provocative, Chomsky demonstrates that the rule of law has been reduced to farce.
856 4 0 _3Amazon.com
_uhttp://www.amazon.com/exec/obidos/ASIN/0745317081/chopaconline-20
942 _2ddc
_cBK
999 _c15661
_d15661